000 00831nam a2200205Ii 4500
003 JO-AjNU
008 230605s9999||||xx |||||||||||||| ||und||
017 _a2005/11/2730
040 _aJO-AjNU
_bara
_erda
_cJO-AjNU
041 _aara
050 1 4 _aGB618.N33 2005
100 3 _aالجمعية الاردنية لمكافحة التصحر وتنمية البادية,
_eauthor
_956345
245 0 0 _aاليوم العلمي : الاستراتيجية الوطنية للتنمية الزراعية 17/3/2003
264 3 1 _aعمان: الجمعية الاردنية لمكافحة التصحر، 2005
300 _a99ص
336 _atext
_btxt
_2rdacontent
337 _aunmediated
_bn
_2rdamedia
338 _avolume
_bnc
_2rdacarrier
650 4 _aالتصحر- التنمية الريفية- الاردن- مؤتمرات
_956346
999 _aA25185
_c28753
_d28753